[Event "Fyrlandskampen 1999"]
[Site "?"]
[Date "????.??.??"]
[Round "2.10"]
[White "Nielsen, Simon S."]
[Black "Luuppala, Jani"]
[Result "1/2-1/2"]
[WhiteElo "2033"]
[BlackElo "1902"]
[PlyCount "117"]

1. d4 d5 2. c4 c6 3. Nf3 Nf6 4. Nc3 g6 5. Bg5 Bg7 6. e3 Bg4 7. cxd5 Nxd5 8. Qb3
Nb6 9. a4 Be6 10. Qa3 a5 11. Nd2 Na6 12. Be2 Nb4 13. Rc1 O-O 14. O-O Rc8 15.
Nce4 Nd7 16. Nb3 b6 17. Rfd1 Nf6 18. f3 h6 19. Nxf6+ exf6 20. Bh4 Re8 21. Nd2
Bf8 22. Qa1 g5 23. Bf2 Na2 24. Rb1 Nb4 25. b3 f5 26. Rbc1 Qf6 27. Qb1 c5 28.
Bb5 Red8 29. Nc4 Bxc4 30. bxc4 Rc7 31. d5 Bd6 32. Re1 Re7 33. Qb3 f4 34. exf4
Bxf4 35. Rxe7 Qxe7 36. Re1 Qf6 37. Bg3 Qd4+ 38. Kf1 Nd3 39. Re4 Qa1+ 40. Be1
Nxe1 41. Rxe1 Qf6 42. g3 Be5 43. Kg2 Bd4 44. Bc6 Bc3 45. Re2 Bb4 46. Qe3 Kf8
47. Qe4 Bc3 48. Bb5 Bb4 49. Qh7 Bc3 50. Re4 Be5 51. h4 Bd6 52. hxg5 hxg5 53.
Kh3 Qg7 54. Qf5 Qh8+ 55. Kg4 Qh2 56. Kxg5 Qxg3+ 57. Qg4 Be7+ 58. Kf5 Qh2 59.
Re1 1/2-1/2

[Event "Fyrlandskampen 1999"]
[Site "?"]
[Date "????.??.??"]
[Round "2.11"]
[White "Johannessen, Leif-E."]
[Black "Carlsson, Pontus"]
[Result "1/2-1/2"]
[WhiteElo "2356"]
[BlackElo "2348"]
[PlyCount "72"]

1. Nf3 e6 2. c4 f5 3. g3 Nf6 4. Bg2 d5 5. O-O Bd6 6. b3 Qe7 7. Bb2 c6 8. d3 O-O
9. Nbd2 e5 10. cxd5 e4 11. Nd4 cxd5 12. e3 Nc6 13. f3 exd3 14. Re1 Bc5 15. a3
Bd7 16. Nf1 Ne5 17. f4 Nc6 18. Qxd3 Ne4 19. Nd2 Rac8 20. N2f3 Rfe8 21. b4 Bd6
22. Rad1 a5 23. b5 Nxd4 24. Nxd4 Rc4 25. Nf3 Be6 26. Ne5 Rc7 27. Rc1 Rec8 28.
Rxc7 Rxc7 29. Nf3 Rc4 30. Bf1 Rc7 31. Be5 Rc8 32. Rd1 Nc5 33. Qd2 Na4 34. Qd3
Nc5 35. Qd2 Na4 36. Qd3 Nc5 1/2-1/2

[Event "Fyrlandskampen 1999"]
[Site "?"]
[Date "????.??.??"]
[Round "2.12"]
[White "Olsson, Anders"]
[Black "Hansen, Torbjoern"]
[Result "1-0"]
[WhiteElo "2206"]
[BlackElo "2259"]
[PlyCount "71"]

1. e4 c6 2. d4 d5 3. e5 Bf5 4. Nf3 e6 5. Be2 Ne7 6. O-O Nd7 7. Nh4 Bg6 8. Nd2
Nf5 9. Nxg6 hxg6 10. Nf3 Be7 11. c3 a6 12. b3 c5 13. g3 cxd4 14. cxd4 Rc8 15.
Qd3 Qb6 16. Bd2 Nb8 17. a4 Nc6 18. a5 Qa7 19. Ra4 Kd7 20. Bc3 Qa8 21. Ne1 Na7
22. Bb4 Nb5 23. Bxe7 Nxe7 24. Qd2 Qa7 25. Rb4 Nc6 26. Bxb5 axb5 27. Rxb5 Nxd4
28. Rb6 Nc6 29. Qf4 Ke7 30. b4 Rh5 31. Nf3 Rf5 32. Qe3 Rxf3 33. Qxf3 Nxe5 34.
Qe3 Nc6 35. b5 d4 36. Qa3+ 1-0

[Event "Fyrlandskampen 1999"]
[Site "?"]
[Date "????.??.??"]
[Round "2.13"]
[White "Lie, Kjetil"]
[Black "Akesson, Joel"]
[Result "1/2-1/2"]
[WhiteElo "2206"]
[BlackElo "2207"]
[PlyCount "99"]

1. e4 c5 2. d4 cxd4 3. c3 Nf6 4. e5 Nd5 5. cxd4 d6 6. Nf3 Nc6 7. Bc4 Nb6 8. Bb5
dxe5 9. Nxe5 Bd7 10. Bxc6 Bxc6 11. O-O g6 12. Re1 Bg7 13. Bg5 O-O 14. Nc3 Re8
15. Qd2 Bd5 16. Bh6 Bh8 17. h4 Nc4 18. Nxc4 Bxc4 19. Rad1 Qa5 20. d5 Rad8 21.
d6 exd6 22. Rxe8+ Rxe8 23. Qxd6 Be6 24. b4 Qe5 25. Qxe5 Bxe5 26. Nd5 Kh8 27. f4
Bg4 28. Rd2 Ba1 29. Nc7 Re1+ 30. Kf2 Rd1 31. Rxd1 Bxd1 32. Nb5 Ba4 33. Nd6 f5
34. Nxb7 Bc3 35. Bf8 Kg8 36. Bc5 Kf7 37. Nd6+ Ke6 38. Nc8 a5 39. Nb6 Bc6 40.
bxa5 Bxa5 41. Nc4 Bc7 42. Be3 Bd5 43. Nd2 Bxa2 44. Nf3 Bd8 45. g3 Bd5 46. Nd4+
Kf7 47. Nb5 Ke6 48. Bd4 Bc6 49. Nc3 Ba5 50. Ke2 1/2-1/2

[Event "Fyrlandskampen 1999"]
[Site "?"]
[Date "????.??.??"]
[Round "2.14"]
[White "Rylander, Dennis"]
[Black "Hersvik, Daniel"]
[Result "1-0"]
[WhiteElo "2150"]
[BlackElo "2165"]
[PlyCount "75"]

1. d4 g6 2. c4 Bg7 3. Nc3 c5 4. d5 Bxc3+ 5. bxc3 f5 6. h4 Nf6 7. h5 Rg8 8. hxg6
hxg6 9. Nf3 Qa5 10. Qb3 d6 11. Ng5 Nbd7 12. Rh4 Ne5 13. e4 fxe4 14. Nxe4 Nxe4
15. Rxe4 Bf5 16. Re3 O-O-O 17. Bd2 Rde8 18. f3 g5 19. O-O-O Rh8 20. Be1 Bd7 21.
Bg3 Ba4 22. Qa3 Nf7 23. Bd3 Qa6 24. Rde1 Kd8 25. Bg6 Rhf8 26. Re4 Nh6 27. Bxe8
Rxe8 28. Rh1 Ng8 29. Re6 Nf6 30. Bxd6 exd6 31. Rxf6 Re2 32. Re6 Rc2+ 33. Kb1
Rxg2 34. Ka1 Qxc4 35. Re4 Qxd5 36. Qxa4 Qd2 37. Re8+ Kc7 38. Re7+ 1-0

[Event "Fyrlandskampen 1999"]
[Site "?"]
[Date "????.??.??"]
[Round "2.15"]
[White "Moen, Andreas"]
[Black "Eriksson, Johan"]
[Result "0-1"]
[WhiteElo "2235"]
[BlackElo "2188"]
[PlyCount "78"]

1. c4 f5 2. d4 Nf6 3. Bg5 Ne4 4. Bf4 d6 5. f3 Nf6 6. e4 Nc6 7. Nc3 g6 8. Qd2
Bg7 9. O-O-O fxe4 10. fxe4 O-O 11. Nf3 Bg4 12. Be2 Bxf3 13. gxf3 Nh5 14. Be3 e5
15. dxe5 Bxe5 16. Nd5 Qh4 17. Nxc7 Rac8 18. Nd5 b5 19. Bg5 Qf2 20. Rdf1 Qd4 21.
f4 Bg7 22. Qxd4 Bxd4 23. Bg4 Rb8 24. Ne7+ Nxe7 25. Bxe7 Rxf4 26. Bxd6 Rxf1+ 27.
Rxf1 Re8 28. c5 Nf6 29. Rxf6 Bxf6 30. c6 Be5 31. Be6+ Rxe6 32. c7 Re8 33. Bxe5
Kf7 34. Bd6 Ke6 35. e5 g5 36. Kd2 h5 37. Ke2 g4 38. Ke3 h4 39. Kf4 Rg8 0-1

[Event "Fyrlandskampen 1999"]
[Site "?"]
[Date "????.??.??"]
[Round "2.16"]
[White "Landgren, Philip"]
[Black "Christenson, Flemming"]
[Result "1-0"]
[WhiteElo "2115"]
[BlackElo "2223"]
[PlyCount "79"]

1. d4 e6 2. Nf3 d5 3. g3 Nf6 4. c4 c6 5. Bg2 dxc4 6. a4 Nbd7 7. O-O Be7 8. Nbd2
O-O 9. Nxc4 Nd5 10. e4 Nb4 11. Bf4 b6 12. Qd2 Ba6 13. b3 Bxc4 14. bxc4 a5 15.
Rad1 Rc8 16. Rfe1 Re8 17. h4 Na6 18. Qe2 Bb4 19. Rf1 c5 20. e5 Qe7 21. Ng5 Nab8
22. d5 Nf8 23. Qh5 Red8 24. Ne4 exd5 25. cxd5 c4 26. Qg4 Nbd7 27. Bg5 Qxe5 28.
Bxd8 Rxd8 29. Ng5 Nf6 30. Qxc4 h6 31. Nh3 Ng6 32. Rd3 Qe2 33. Qc7 Re8 34. Rdd1
Bc5 35. d6 Nf8 36. Bc6 Ne6 37. Bxe8 Nxc7 38. dxc7 Qe6 39. Bd7 Nxd7 40. c8=Q+
1-0

[Event "Fyrlandskampen 1999"]
[Site "?"]
[Date "????.??.??"]
[Round "2.17"]
[White "Sagafos, Magne"]
[Black "Mansson, Lars"]
[Result "1/2-1/2"]
[WhiteElo "2052"]
[BlackElo "2120"]
[PlyCount "63"]

1. e4 c6 2. d4 d5 3. f3 g6 4. Nc3 Bg7 5. Be3 Nf6 6. e5 Nfd7 7. f4 e6 8. Nf3 b5
9. Bd3 Nb6 10. b3 b4 11. Ne2 Ba6 12. Bxa6 Nxa6 13. O-O h5 14. Qd3 Nb8 15. c3 a5
16. Ng5 Qe7 17. c4 Qd7 18. c5 Nc8 19. a3 Na6 20. Bd2 Ra7 21. axb4 Nxb4 22. Bxb4
axb4 23. Qd2 Qb7 24. Rxa7 Nxa7 25. Ra1 O-O 26. Ra4 Rb8 27. Nc1 Nb5 28. Qxb4 Bh6
29. Ne2 Bxg5 30. fxg5 Qe7 31. h4 Qb7 32. Ra5 1/2-1/2

[Event "Fyrlandskampen 1999"]
[Site "?"]
[Date "????.??.??"]
[Round "2.18"]
[White "Tikkanen, Hans"]
[Black "Lie, Espen"]
[Result "1-0"]
[WhiteElo "2157"]
[BlackElo "2105"]
[PlyCount "129"]

1. d4 d5 2. c4 e6 3. Nc3 Nf6 4. cxd5 exd5 5. Bg5 Nbd7 6. Qc2 c6 7. e3 Be7 8.
Bd3 O-O 9. Nf3 Re8 10. h3 Nf8 11. O-O-O Ne4 12. Bf4 Nxc3 13. Qxc3 Be6 14. Kb1
Rc8 15. Rc1 a5 16. Qb3 b5 17. Ne5 Bd7 18. Rc3 Bb4 19. Rc2 Qe7 20. a3 Bd6 21.
Nxd7 a4 22. Qc3 Nxd7 23. Bxd6 Qxd6 24. Rhc1 Nb6 25. Qc5 Qb8 26. Qb4 Nc4 27. Rd1
Qh2 28. Bf1 Qd6 29. Qxd6 Nxd6 30. Rc5 Ne4 31. Rc2 Nd6 32. g4 Nc4 33. Bd3 g6 34.
Re2 f6 35. Rde1 Nd6 36. Rc1 Kf7 37. Rec2 Nc4 38. e4 Re6 39. Re2 Rce8 40. f3 Na5
41. Rce1 Nb3 42. exd5 cxd5 43. Bxb5 Rxe2 44. Rxe2 Rxe2 45. Bxe2 Nxd4 46. Bd1 g5
47. Kc1 Ke6 48. Kd2 Kd6 49. Ke3 Ne6 50. Bxa4 Nf4 51. b4 Nxh3 52. Bc2 h6 53. a4
Nf4 54. a5 Ne6 55. b5 Kc7 56. Bb3 d4+ 57. Kd3 Nc5+ 58. Kc4 Nb7 59. a6 Nd6+ 60.
Kc5 Nc8 61. Bc2 Nb6 62. Be4 Nd7+ 63. Kxd4 Kb6 64. Bc6 Ne5 65. Ke4 1-0

[Event "Fyrlandskampen 1999"]
[Site "?"]
[Date "????.??.??"]
[Round "2.19"]
[White "Ekeberg, Carl F."]
[Black "Andersson, Fredrik"]
[Result "1-0"]
[WhiteElo "1900"]
[BlackElo "2153"]
[PlyCount "65"]

1. d4 Nf6 2. c4 e6 3. Nc3 Bb4 4. Qc2 O-O 5. a3 Bxc3+ 6. Qxc3 b6 7. Bg5 Bb7 8.
f3 d5 9. e3 Nbd7 10. cxd5 exd5 11. Bd3 Re8 12. Ne2 h6 13. Bh4 c5 14. O-O Qe7
15. Bf2 Rac8 16. Qd2 g6 17. Rac1 c4 18. Bc2 a6 19. Rce1 b5 20. Nc3 b4 21. axb4
Qxb4 22. e4 Re6 23. e5 Nh7 24. Be3 Qe7 25. f4 Rb6 26. Bb1 Rb8 27. f5 g5 28. f6
Qd8 29. Bxh7+ Kxh7 30. Bxg5 Bc6 31. Bxh6 Rxb2 32. Qg5 Qg8 33. Bg7 1-0

[Event "Fyrlandskampen 1999"]
[Site "?"]
[Date "????.??.??"]
[Round "2.20"]
[White "Lindberg, Bosse"]
[Black "Tallaksen, Geir S."]
[Result "0-1"]
[WhiteElo "2170"]
[BlackElo "1878"]
[PlyCount "82"]

1. d4 Nf6 2. Bg5 c5 3. Bxf6 gxf6 4. d5 Qb6 5. Nd2 Qxb2 6. Rb1 Qc3 7. e3 b6 8.
Bd3 Ba6 9. Ne2 Qe5 10. f4 Qh5 11. c4 f5 12. Qc2 Rg8 13. Kf2 e6 14. Ng3 Qg6 15.
dxe6 fxe6 16. Be2 Kd8 17. Nf3 Nc6 18. Ng5 Be7 19. Bh5 Qg7 20. Nf3 Kc7 21. Ng1
Bb7 22. N1e2 Bh4 23. a3 Na5 24. Bf3 Rad8 25. Rb5 Ba6 26. Rxa5 bxa5 27. Qd2 Rb8
28. Qxa5+ Rb6 29. Qxc5+ Kb8 30. Rd1 Rc8 31. Qa5 Rxc4 32. Kg1 Bb7 33. Nh5 Qb2
34. Bxb7 Qxe2 35. Bf3 Qxe3+ 36. Kh1 Rc1 37. h3 Rbb1 38. Kh2 Rxd1 39. Bxd1 Rxd1
40. Qb4+ Qb6 41. Qf8+ Kb7 0-1

[Event "Fyrlandskampen 1999"]
[Site "?"]
[Date "????.??.??"]
[Round "3.2"]
[White "Karttunen, Mika"]
[Black "Olsson, Anders"]
[Result "1-0"]
[WhiteElo "2284"]
[BlackElo "2206"]
[PlyCount "125"]

1. Nf3 g6 2. g3 Bg7 3. Bg2 d6 4. O-O e5 5. d3 Nc6 6. e4 Nge7 7. Be3 O-O 8. Qd2
f5 9. Nc3 Nd4 10. Bg5 Nxf3+ 11. Bxf3 c6 12. Bg2 Rf7 13. Be3 Be6 14. d4 Bc4 15.
Rfe1 fxe4 16. Nxe4 Nf5 17. Bg5 Qf8 18. dxe5 Bxe5 19. c3 h6 20. Bf4 Re8 21. Bxe5
Rxe5 22. b3 Bd5 23. c4 Bxe4 24. Rxe4 Rfe7 25. Rae1 Kh7 26. h4 Qe8 27. Qd3 Ng7
28. R1e3 Nf5 29. Re2 h5 30. Re1 Nh6 31. Bf3 Ng8 32. Qd4 a6 33. Kg2 Nf6 34. Rxe5
dxe5 35. Qe3 e4 36. Kg1 Qd8 37. Rd1 Qa5 38. Be2 Qxa2 39. Rd6 Qa1+ 40. Kg2 Qe5
41. Rd8 Ne8 42. Bd1 Nd6 43. Bc2 Nf5 44. Qg5 Qc3 45. Bd1 Rf7 46. Bxh5 Qg7 47.
Bxg6+ Qxg6 48. Rh8+ Kxh8 49. Qxg6 Nxh4+ 50. gxh4 Rg7 51. Qxg7+ Kxg7 52. c5 Kg6
53. Kg3 Kf5 54. h5 Kg5 55. h6 Kxh6 56. Kf4 Kg6 57. Kxe4 Kf6 58. f4 a5 59. f5
Kf7 60. Ke5 Ke7 61. f6+ Kd7 62. Kf5 Ke8 63. Ke6 1-0

[Event "Fyrlandskampen 1999"]
[Site "?"]
[Date "????.??.??"]
[Round "3.3"]
[White "Akesson, Joel"]
[Black "Lehtinen, Heikki"]
[Result "1-0"]
[WhiteElo "2207"]
[BlackElo "2224"]
[PlyCount "83"]

1. d4 g6 2. e4 Bg7 3. Nf3 d6 4. Nc3 Nf6 5. Be2 O-O 6. O-O c5 7. d5 Na6 8. h3
Nc7 9. Re1 Rb8 10. a4 a6 11. a5 b5 12. axb6 Rxb6 13. Bf1 Re8 14. Na4 Rb4 15.
Nd2 e6 16. c3 Rb8 17. dxe6 Rxe6 18. Bc4 Re5 19. Bd3 Bb7 20. f3 Nh5 21. Nc4 Re6
22. Be3 Bc6 23. Qd2 Qe8 24. Nab6 Bb5 25. Nd5 Qc6 26. Na5 Qd7 27. Bc4 Ree8 28.
Red1 Nxd5 29. Qxd5 Be5 30. Bxb5 Qxb5 31. Nc4 Nf4 32. Bxf4 Bxf4 33. Ra5 Qb3 34.
Rxa6 Re7 35. Ra3 Qb5 36. Rda1 Kg7 37. Ra7 Rbb7 38. Ra8 Qb3 39. Qd3 Rbd7 40.
R8a6 Qb5 41. Rb6 Be3+ 42. Kf1 1-0

[Event "Fyrlandskampen 1999"]
[Site "?"]
[Date "????.??.??"]
[Round "3.4"]
[White "Molander, Riku"]
[Black "Rylander, Dennis"]
[Result "1-0"]
[WhiteElo "2234"]
[BlackElo "2150"]
[PlyCount "79"]

1. d4 f5 2. Bg5 h6 3. Bh4 g5 4. e4 Bg7 5. Bg3 f4 6. Bxf4 gxf4 7. Qh5+ Kf8 8.
Qf5+ Ke8 9. Be2 Nf6 10. e5 d5 11. Qg6+ Kf8 12. exf6 exf6 13. Nc3 Nc6 14. O-O-O
Ne7 15. Qh5 Be6 16. Nh3 Qd6 17. Bd3 Rc8 18. Rhe1 Bf7 19. Qf3 h5 20. Nxf4 Bh6
21. Nce2 c5 22. dxc5 Rxc5 23. Kb1 d4 24. Qg3 f5 25. Nxh5 Qd5 26. Nc1 Bxh5 27.
Qh4 Bxd1 28. Qf6+ Kg8 29. Rxe7 Bh5 30. Be2 Rc6 31. Qh4 Bf7 32. Bf3 Qd6 33. Bxc6
bxc6 34. Rxa7 Qf4 35. Qd8+ Kg7 36. Rxf7+ Kxf7 37. Qd7+ Kf6 38. Nd3 Qxh2 39.
Qxd4+ Kg6 40. Ne5+ 1-0

[Event "Fyrlandskampen 1999"]
[Site "?"]
[Date "????.??.??"]
[Round "3.5"]
[White "Eriksson, Jonas"]
[Black "Sorsa, Nuutti"]
[Result "1/2-1/2"]
[WhiteElo "2188"]
[BlackElo "2187"]
[PlyCount "93"]

1. Nf3 Nf6 2. g3 e6 3. Bg2 Be7 4. O-O d5 5. d3 b6 6. b3 Bb7 7. Bb2 O-O 8. Nbd2
a5 9. a4 Na6 10. Ne5 Nd7 11. Nxd7 Qxd7 12. e4 dxe4 13. dxe4 f5 14. Qe2 Nc5 15.
Rad1 Qc6 16. Rfe1 Rad8 17. h4 Bd6 18. Qb5 Qxb5 19. axb5 fxe4 20. Nxe4 Bxe4 21.
Bxe4 Bxg3 22. Rxd8 Bxf2+ 23. Kg2 Bxe1 24. Bxh7+ Kf7 25. Bg6+ Ke7 26. Rxf8 Kxf8
27. Be5 Bxh4 28. Bxc7 Nd7 29. Be4 Ke8 30. Bc6 Bd8 31. Bf4 Ke7 32. Kf3 Nf6 33.
Be5 Kf7 34. c4 Be7 35. Bd4 Bd8 36. c5 bxc5 37. Bxc5 Nd5 38. Bxd5 exd5 39. b6
Ke6 40. b7 Bc7 41. Ba7 Kd7 42. b8=Q Bxb8 43. Bxb8 Kc6 44. Ke3 Kb5 45. Bd6 a4
46. bxa4+ Kxa4 47. Kd4 1/2-1/2

[Event "Fyrlandskampen 1999"]
[Site "?"]
[Date "????.??.??"]
[Round "3.6"]
[White "Lehtinen, Antti"]
[Black "Landgren, Philip"]
[Result "1/2-1/2"]
[WhiteElo "2167"]
[BlackElo "2115"]
[PlyCount "96"]

1. e4 e5 2. Nf3 Nc6 3. Nc3 Nf6 4. g3 d5 5. exd5 Nxd5 6. Bg2 Nxc3 7. bxc3 Bc5 8.
O-O O-O 9. Re1 Re8 10. d4 exd4 11. Rxe8+ Qxe8 12. cxd4 Bb6 13. c3 Bg4 14. Qd3
Qd7 15. Bf4 Re8 16. Qd2 f6 17. a4 Na5 18. Ne1 c5 19. Qa2+ Kh8 20. dxc5 Bxc5 21.
Qd5 Qxd5 22. Bxd5 Re2 23. Nd3 Bb6 24. Ra2 Rxa2 25. Bxa2 Bd7 26. Nb2 Bc5 27. Bc7
b6 28. Nd3 Ba3 29. Bb8 Nc6 30. Bf4 g5 31. Bc7 Kg7 32. Bb3 Kf8 33. h4 h6 34. Nb4
Nxb4 35. Bd6+ Kg7 36. cxb4 a5 37. Bc7 Bxb4 38. Bxb6 gxh4 39. gxh4 Kg6 40. Kg2
Kf5 41. Bd4 Bc6+ 42. Kg3 Bd6+ 43. Kh3 h5 44. Bc2+ Ke6 45. Bb3+ Ke7 46. Bb6 Bb4
47. Kg3 Bd6+ 48. Kh3 Bb4 1/2-1/2

[Event "Fyrlandskampen 1999"]
[Site "?"]
[Date "????.??.??"]
[Round "3.7"]
[White "Mansson, Lars"]
[Black "Nybaeck, Tomi"]
[Result "1/2-1/2"]
[WhiteElo "2120"]
[BlackElo "2095"]
[PlyCount "140"]

1. e4 c5 2. Nf3 Nc6 3. Bb5 e6 4. O-O Nge7 5. Re1 a6 6. Bf1 Ng6 7. b3 Be7 8. Bb2
O-O 9. d4 cxd4 10. Nxd4 Nxd4 11. Bxd4 Qc7 12. c4 d6 13. Nc3 Bd7 14. Rc1 Bg5 15.
Rc2 Ne5 16. g3 Nc6 17. Nd5 Qa5 18. Bc3 Qc5 19. b4 Qa7 20. Ne3 Bxe3 21. Rxe3 e5
22. Rd3 Ne7 23. Rcd2 Bc6 24. Rxd6 Bxe4 25. Bxe5 Rae8 26. Bd4 Qa8 27. Bc5 Nc6
28. Bg2 Bxg2 29. Kxg2 b6 30. Qf3 bxc5 31. Qxc6 cxb4 32. c5 Qxc6+ 33. Rxc6 Ra8
34. Rb6 g6 35. Rxb4 Rfc8 36. Rd5 Rc6 37. Rb7 Rac8 38. Rdd7 Rf6 39. Rb6 Rfc6 40.
Rd8+ Rxd8 41. Rxc6 Rd5 42. Kf3 Rd3+ 43. Ke4 Ra3 44. Rf6 Kf8 45. Kd5 Ke7 46. Rf4
Rxa2 47. Kc6 Rd2 48. Kc7 f5 49. c6 a5 50. Rf3 a4 51. Re3+ Kf7 52. f4 Rxh2 53.
Kd7 Rd2+ 54. Kc8 Ra2 55. c7 a3 56. Rb3 Ke7 57. Kb7 Rb2 58. c8=Q Rxb3+ 59. Ka6
a2 60. Qc5+ Kf7 61. Qa5 Rxg3 62. Qxa2+ Kg7 63. Qb2+ Kf7 64. Qb7+ Kg8 65. Qc8+
Kg7 66. Qd8 Rg4 67. Qd4+ Kh6 68. Kb6 Kh5 69. Qe5 Kh4 70. Kc6 Rg3 1/2-1/2

[Event "Fyrlandskampen 1999"]
[Site "?"]
[Date "????.??.??"]
[Round "3.8"]
[White "Liitiaeinen, Elia"]
[Black "Tikkanen, Hans"]
[Result "1-0"]
[WhiteElo "2017"]
[BlackElo "2157"]
[PlyCount "129"]

1. e4 c5 2. Nc3 Nc6 3. g3 g6 4. Bg2 Bg7 5. d3 d6 6. Be3 Rb8 7. Qd2 Bd7 8. Nge2
Nd4 9. O-O b5 10. Nd1 h5 11. Nc1 Qc8 12. c3 Nc6 13. Re1 h4 14. d4 Bh3 15. Bh1
c4 16. d5 hxg3 17. hxg3 Ne5 18. f4 Ng4 19. Bxa7 Ra8 20. Bd4 f6 21. Nf2 Nxf2 22.
Bxf2 Nh6 23. Ne2 Ng4 24. Nd4 Qd7 25. b3 Kf7 26. Nc6 Qb7 27. bxc4 bxc4 28. Reb1
Qa6 29. a4 Nxf2 30. Qxf2 Bd7 31. Rb6 Qc8 32. Bg2 Ra6 33. Rxa6 Qxa6 34. e5 dxe5
35. fxe5 Bxc6 36. dxc6 f5 37. Qc5 Rc8 38. a5 Rc7 39. Qb6 Qa7 40. Re1 e6 41. Kh1
g5 42. Re2 Kg6 43. g4 f4 44. Bf3 Kf7 45. Kg2 Kg8 46. Qb5 Kf7 47. Re4 Rc8 48.
Rxc4 Rb8 49. Qc5 Rb2+ 50. Kf1 Rb1+ 51. Ke2 Rb2+ 52. Kd3 Qc7 53. Rd4 Qxe5 54.
Rd7+ Kg8 55. Qxe5 Bxe5 56. c7 Bxc7 57. Rxc7 Ra2 58. Ra7 Rf2 59. Ke4 Rf1 60. a6
Re1+ 61. Kd4 e5+ 62. Kd5 Re3 63. Ra8+ Kf7 64. a7 Rxf3 65. Rc8 1-0

[Event "Fyrlandskampen 1999"]
[Site "?"]
[Date "????.??.??"]
[Round "3.9"]
[White "Andersson, Fredrik"]
[Black "Kapanen, Konsta"]
[Result "1-0"]
[WhiteElo "2153"]
[BlackElo "1956"]
[PlyCount "47"]

1. e4 c5 2. Nc3 d6 3. f4 Nc6 4. Nf3 g6 5. Bb5 Bd7 6. O-O Bg7 7. d3 Nf6 8. Kh1
O-O 9. Bxc6 Bxc6 10. Qe1 e6 11. Bd2 Qc7 12. Qh4 b5 13. f5 exf5 14. exf5 Bxf3
15. Rxf3 b4 16. Ne4 Nxe4 17. dxe4 d5 18. f6 Bh8 19. Qh6 Rfe8 20. Raf1 Qd6 21.
Rh3 Bxf6 22. Qxh7+ Kf8 23. Rhf3 Re6 24. exd5 1-0

[Event "Fyrlandskampen 1999"]
[Site "?"]
[Date "????.??.??"]
[Round "3.10"]
[White "Luuppala, Jani"]
[Black "Lindberg, Bosse"]
[Result "1-0"]
[WhiteElo "1902"]
[BlackElo "2170"]
[PlyCount "155"]

1. c4 f5 2. Nc3 Nf6 3. g3 g6 4. Bg2 Bg7 5. Nf3 d6 6. d4 O-O 7. O-O Qe8 8. Bg5
c6 9. Bxf6 Bxf6 10. e4 e5 11. Re1 Nd7 12. Qc2 Qf7 13. d5 Nc5 14. Nd2 a5 15.
exf5 Bxf5 16. Nde4 Be7 17. Qd2 Nxe4 18. Bxe4 c5 19. Nb5 Kh8 20. Qe2 Bxe4 21.
Qxe4 Qxf2+ 22. Kh1 Qxb2 23. Rab1 Qf2 24. Nc7 Rab8 25. Ne6 Qf3+ 26. Kg1 Rf5 27.
Qxf3 Rxf3 28. Rf1 Rxf1+ 29. Rxf1 Kg8 30. a4 Bf8 31. Kf2 Bh6 32. Ke2 b6 33. Rb1
Kf7 34. Rf1+ Ke7 35. Rb1 Rb7 36. Rf1 Ke8 37. Rb1 Bf8 38. Rf1 Bh6 39. Rb1 e4 40.
g4 Bg7 41. Nxg7+ Rxg7 42. Rxb6 Rf7 43. Rxd6 Rf4 44. Rc6 Rxg4 45. Rxc5 Rh4 46.
Rxa5 Rxh2+ 47. Ke3 Rc2 48. Rc5 h5 49. a5 h4 50. a6 Ra2 51. Rc8+ Kd7 52. Rc6 g5
53. Rg6 h3 54. a7 h2 55. Rh6 Rxa7 56. Rxh2 Ra4 57. Kd4 Ke7 58. Rh6 Ra1 59. Re6+
Kd7 60. Rxe4 Rg1 61. c5 g4 62. Ke5 g3 63. c6+ Kc7 64. Re2 g2 65. Ke6 Kb6 66.
Kd6 Rh1 67. Rxg2 Rh6+ 68. Ke7 Rh7+ 69. Kf6 Rh6+ 70. Rg6 Rh1 71. Ke6 Rh7 72. Kd6
Rf7 73. Re6 Rh7 74. Re7 Rh6+ 75. Kd7 Rh5 76. d6 Rc5 77. c7 Kb7 78. Re8 1-0

[Event "Fyrlandskampen 1999"]
[Site "?"]
[Date "????.??.??"]
[Round "3.11"]
[White "El-kher, Henrik"]
[Black "Johannessen, Leif-E."]
[Result "1/2-1/2"]
[WhiteElo "2332"]
[BlackElo "2356"]
[PlyCount "35"]

1. d4 e6 2. e4 d5 3. Nd2 Nf6 4. e5 Nfd7 5. Bd3 c5 6. c3 Nc6 7. Ne2 cxd4 8. cxd4
f6 9. exf6 Qxf6 10. Nf3 h6 11. O-O Bd6 12. Be3 O-O 13. Qd2 Rd8 14. Bf4 e5 15.
dxe5 Ndxe5 16. Nxe5 Nxe5 17. Bc2 Be6 18. Bg3 1/2-1/2

[Event "Fyrlandskampen 1999"]
[Site "?"]
[Date "????.??.??"]
[Round "3.13"]
[White "Bromann, Torbjoern"]
[Black "Lie, Kjetil"]
[Result "1/2-1/2"]
[WhiteElo "2312"]
[BlackElo "2206"]
[PlyCount "137"]

1. e4 c5 2. Nf3 d6 3. d4 cxd4 4. Qxd4 Nc6 5. Bb5 Bd7 6. Bxc6 Bxc6 7. Nc3 Nf6 8.
Bg5 e5 9. Qd3 h6 10. Bxf6 Qxf6 11. Nd5 Qd8 12. O-O Rc8 13. c4 Bxd5 14. Qxd5 Qb6
15. Rfd1 Qc6 16. b3 Be7 17. Qd3 O-O 18. Nd2 a6 19. Nf1 b5 20. cxb5 axb5 21. Ne3
Bg5 22. Nd5 Qc2 23. a4 bxa4 24. bxa4 f5 25. exf5 Rxf5 26. f3 e4 27. Qxc2 Rxc2
28. f4 Rxf4 29. Nxf4 Bxf4 30. Re1 Be5 31. Rac1 Ra2 32. Rxe4 Kf7 33. Rce1 Ke6
34. R1e2 Ra1+ 35. Kf2 Kd5 36. h3 Bd4+ 37. Kg3 Rxa4 38. Kg4 Ra1 39. Kh5 Bf6 40.
Kg6 Ra3 41. R4e3 Rxe3 42. Rxe3 Kd4 43. Re1 Be5 44. h4 Kd3 45. h5 Kd2 46. Rf1
Ke3 47. Kf5 Bf6 48. Rf3+ Kd4 49. Ra3 d5 50. g4 Kc4 51. Ra7 d4 52. Ke4 Kc5 53.
Ra6 Bd8 54. Ra8 Bf6 55. Ra7 Kd6 56. Ra6+ Ke7 57. Kd5 Kf7 58. Ra7+ Kg8 59. Ke6
Kh7 60. Kf7 Bg5 61. Rd7 Bf6 62. Ra7 Bg5 63. Kf8 Bf6 64. Rb7 Be5 65. Rd7 Bf6 66.
Rd5 Kh8 67. Kf7 Kh7 68. Rc5 Bg5 69. Rd5 1/2-1/2

[Event "Fyrlandskampen 1999"]
[Site "?"]
[Date "????.??.??"]
[Round "3.14"]
[White "Hersvik, Daniel"]
[Black "Jensen, Bjarke"]
[Result "1-0"]
[WhiteElo "2165"]
[BlackElo "2164"]
[PlyCount "49"]

1. e4 c5 2. Nf3 d6 3. d4 cxd4 4. Nxd4 Nf6 5. Nc3 g6 6. Be3 Bg7 7. f3 O-O 8. Qd2
Nc6 9. Bc4 Bd7 10. O-O-O Ne5 11. Bb3 Qa5 12. h4 Rfc8 13. g4 b5 14. h5 Nc4 15.
Bxc4 bxc4 16. Bh6 Bh8 17. Nf5 Re8 18. hxg6 fxg6 19. Bg7 Bxg7 20. Nxg7 Kxg7 21.
Qh6+ Kg8 22. g5 Qe5 23. gxf6 Qxf6 24. Qxh7+ Kf8 25. Rdg1 1-0

[Event "Fyrlandskampen 1999"]
[Site "?"]
[Date "????.??.??"]
[Round "3.16"]
[White "Christenson, Flemming"]
[Black "Vovk, Oksana"]
[Result "1-0"]
[WhiteElo "2223"]
[BlackElo "2075"]
[PlyCount "57"]

1. Nf3 Nf6 2. c4 e6 3. Nc3 d5 4. d4 Be7 5. Bf4 c6 6. e3 O-O 7. Qc2 Nbd7 8. cxd5
Nxd5 9. Bg3 N7f6 10. Be2 Qa5 11. O-O Nh5 12. Be5 Nxc3 13. bxc3 f5 14. a4 Nf6
15. Nd2 Qd8 16. a5 Bd7 17. Rfb1 Bc8 18. Bf3 Nd7 19. Bg3 a6 20. Qb3 Nf6 21. Nc4
Ne4 22. Bxe4 fxe4 23. Nb6 Ra7 24. Bb8 Bd6 25. Nxc8 Bxb8 26. Qxe6+ Kh8 27. Nxa7
Bxh2+ 28. Kxh2 Qh4+ 29. Qh3 1-0

[Event "Fyrlandskampen 1999"]
[Site "?"]
[Date "????.??.??"]
[Round "3.17"]
[White "Palo, Davor"]
[Black "Sagafos, Magne"]
[Result "1/2-1/2"]
[WhiteElo "2141"]
[BlackElo "2052"]
[PlyCount "90"]

1. c4 g6 2. Nc3 Bg7 3. d4 Nf6 4. e4 d6 5. f3 O-O 6. Be3 Nc6 7. Nge2 a6 8. Qd2
Rb8 9. Nf4 e5 10. dxe5 dxe5 11. Qxd8 Rxd8 12. Nfd5 Nd4 13. Bxd4 exd4 14. Nxf6+
Bxf6 15. Nd5 Be5 16. f4 Bd6 17. e5 c6 18. exd6 cxd5 19. c5 b6 20. c6 Rxd6 21.
Rc1 b5 22. Bd3 Be6 23. Kd2 Rc8 24. c7 Rd7 25. Rc6 Rdxc7 26. Rxa6 Bf5 27. Rd1
Bxd3 28. Kxd3 Re7 29. Rb6 Re3+ 30. Kxd4 Re2 31. Rxb5 Rxg2 32. Ra1 Rd2+ 33. Ke3
Rxh2 34. a4 Rc4 35. Rxd5 Rxb2 36. a5 Rb3+ 37. Rd3 Rb7 38. a6 Re7+ 39. Kf3 Rcc7
40. Rd8+ Kg7 41. Ra3 Ra7 42. Rd6 h5 43. Rb3 Kf8 44. Kg3 Red7 45. Rc6 Rdc7
1/2-1/2

[Event "Fyrlandskampen 1999"]
[Site "?"]
[Date "????.??.??"]
[Round "3.18"]
[White "Lie, Espen"]
[Black "Rasmussen, Allan"]
[Result "1/2-1/2"]
[WhiteElo "2105"]
[BlackElo "2183"]
[PlyCount "73"]

1. e4 c6 2. d4 d5 3. e5 Bf5 4. Nf3 e6 5. c3 c5 6. Bd3 Bxd3 7. Qxd3 Nc6 8. a3 a5
9. O-O Nge7 10. dxc5 Ng6 11. Qb5 Qd7 12. b4 Ncxe5 13. Qe2 Nxf3+ 14. Qxf3 Be7
15. Nd2 Bf6 16. Rb1 O-O 17. c4 Ne5 18. Qb3 axb4 19. axb4 d4 20. Ne4 Bd8 21. Bb2
Nc6 22. b5 Na5 23. Qd3 e5 24. Ra1 Be7 25. Bc3 Nb3 26. Rxa8 Rxa8 27. Bb4 f5 28.
Qxb3 fxe4 29. c6 bxc6 30. bxc6 Qe6 31. Bxe7 Qxe7 32. c5+ Kf8 33. Qb7 Re8 34. f4
exf4 35. Rxf4+ Kg8 36. Qxe7 Rxe7 37. c7 1/2-1/2

[Event "Fyrlandskampen 1999"]
[Site "?"]
[Date "????.??.??"]
[Round "3.19"]
[White "Boehlke, Christian"]
[Black "Ekeberg, Carl F."]
[Result "0-1"]
[WhiteElo "2085"]
[BlackElo "1900"]
[PlyCount "74"]

1. e4 c5 2. Nf3 Nc6 3. d4 cxd4 4. Nxd4 Nf6 5. Nc3 e5 6. Ndb5 d6 7. Bg5 a6 8.
Na3 b5 9. Nd5 Be7 10. Bxf6 Bxf6 11. c3 Bb7 12. Nc2 Nb8 13. a4 bxa4 14. Rxa4 Nd7
15. Nce3 Nc5 16. Rc4 Bg5 17. Nf5 g6 18. Ng3 O-O 19. b4 Nd7 20. Be2 Nb6 21. Nxb6
Qxb6 22. O-O Rfd8 23. Qa4 d5 24. exd5 Bxd5 25. Rc5 Qb7 26. Ra1 Bxg2 27. Rxe5
Bf4 28. Rc5 Rd2 29. Rd1 Rad8 30. Rxd2 Rxd2 31. Qe8+ Kg7 32. Rc8 Bh3 33. Qf8+
Kf6 34. Qh8+ Kg5 35. Rc5+ f5 36. f3 Rxe2 37. Nxe2 Be3+ 0-1